Оренда земельних ділянок водного фонду : цивільно-правові аспекти (Запис № 571522)
[ простий вигляд ]
| 000 -Лідер | |
|---|---|
| fixed length control field | 04201nam a22002417a 4500 |
| 003 - Ідентифікатор контрольного номера | |
| control field | UA-OsUOA |
| 005 - Дата та час останнього входження (трансакції) | |
| control field | 20211006115830.0 |
| 008 - Елементи даних фіксованої довжини – загальна інформація | |
| fixed length control field | 211006b un ||||| |||| 00| 0 ukr d |
| 040 ## - Джерело каталогізації | |
| Агенція оригінальної каталогізації | UA-OsUOA |
| Мова каталогізації | ukr |
| Агенція, яка здійснювала перезапис | UA-OsUOA |
| Агенція, яка здійснювала модифікацію | UA-OsUOA |
| 041 ## - Код мови | |
| Код мови тексту/ звукової доріжки чи окремого заголовка (П) | ukr |
| 080 ## - Індекс Універсальної десяткової класифікації | |
| Індекс Універсальної десяткової класифікації (УДК) (НП) | 347.453.1:556(477)(043) |
| 090 ## - Локальний шифр розміщення | |
| Класифікаційний індекс УДК | 347.453.1:556(477)(043) |
| 095 ## - Код спеціальності для авторефератів | |
| Код спеціальності | 12.00.03 |
| Назва спеціальності | цивільне право та цивільний процес ; сімейне право ; міжнародне приватне право |
| 100 ## - Основне введення – ім’я особи | |
| Ім’я особи (НП) | Міськевич Л. Р. |
| 245 ## - Відомості про назву | |
| Назва (НП) | Оренда земельних ділянок водного фонду : цивільно-правові аспекти |
| Дані про відповідальність (НП) | Міськевич Любомир Романович ; наук. керівник Калаур Іван Романович |
| 260 ## - Публікація, розповсюдження і т.п. (Вихідні дані) | |
| Місце публікації, розповсюдження і т.п. (П) | Івано-Франківськ |
| Дата публікації, розповсюдження і т.п. (П) | 2021 |
| 300 ## - Фізичний опис | |
| Обсяг | 20 с. |
| 502 ## - Примітка про дисертацію | |
| Зв'язок | Автореферат дисертації на здобуття наукового ступеня кандидата юридичних наук<br/> |
| Наймення інституції, що представляється | ДВНЗ "Прикарпатський національний університет імені Василя Стефаника" навчально-науковий юридичний інститут |
| Рік отримання вченого ступеня | 2021 |
| 520 ## - Резюме і т.п. | |
| Резюме, реферат, анотація, тощо (НП) | Дисертація присвячена комплексному дослідженню сучасних теоретичних та практичних проблем цивільно-правового регулювання договірних відносин оренди земельної ділянки водного фонду. Охарактеризовано водний об’єкт та земельну ділянку водного фонду як об’єкти цивільних правовідносин, запропоновано авторську дефініцію цієї категорії земельних ділянок. Встановлено, що тільки разом взяті вони використовуються за призначенням, що дозволяє таке природне співіснування розцінювати у площині майнового обороту як складне нерухоме майно.<br/>Розглянуто генезис законодавства, що регулює відносини використання земельних ділянок водного фонду та виокремлено його три основні етапи. Обгрунтованою цивільно-правову природу договору оренди землі у комплексі з розташованим на ній водним об’єктом та сформульовано авторське визначення цієї договірної моделі. Виявлено теоретичні та практичні проблеми укладення досліджуваного у роботі договору, його суб’єктний склад та права і обов’язки кожної сторони цього договору. Зроблено застереження, щодо необхідності усунення неузгодженосте земельного і водного законодавства. Проаналізовано істотні умови договору оренди землі у комплексі з розташованим на ній водним об’єктом через призму принципу свободи договору, запропоновано звузити коло законодавчо визначених таких умов. Розглянуто особливості виконання зобов’язань, що виникають за цим договором та специфіку відповідальності за їх порушення, виявлено їх обумовленість складним предметом цього договору, що поєднує два природні ресурси. |
| 650 ## - Додаткове предметне введення – тематичний термін | |
| Джерело заголовка чи терміна | UDC |
| Тематичний термін чи географічна назва, як елемент введення (НП) | 347 Цивільне право |
| 942 ## - Додаткові елементи входу (Коха) | |
| Source of classification or shelving scheme | Universal Decimal Classification |
| Тип елемента Koha | Автореферат |
| 955 ## - Код типу видання за змістом | |
| Код типу видання за змістом (НП) | Наукові видання |
Немає доступних примірників.